[Event "Walla Walla Open"]
[Site "?"]
[Date "1970.09.13"]
[Round "4"]
[White "Bailey, B."]
[Black "Smith, K."]
[Result "1-0"]
[WhiteElo "1789"]
[BlackElo "1671"]
[Annotator "Stockfish 12 (20s)"]
[PlyCount "69"]
[EventDate "1970.??.??"]

{C96: Closed Ruy Lopez: Chigorin Defence: 11 d4, replies other than 11...Qc7} 
1. e4 e5 2. Nf3 Nc6 3. Bb5 a6 4. Ba4 Nf6 5. O-O Be7 6. Re1 b5 7. Bb3 O-O 8. c3
d6 9. h3 Na5 10. Bc2 Nc4 11. b3 (11. d3 Nb6 12. Nbd2 c5 13. Nf1 Re8 14. Ng3 g6
15. d4 Qc7 16. Bg5 Bb7 17. dxe5 dxe5 18. Qe2 Na4 19. Bxa4 bxa4 20. Qc4 Bc6 {
1/2-1/2 (20) Parma,B (2510)-Velimirovic,D (2500) Umag 1972}) (11. a4 Bb7 12. d3
Nb6 13. a5 Nbd7 14. Nbd2 Re8 15. Nf1 Bf8 16. Ng3 g6 17. d4 Bg7 18. Bd2 Re7 19.
Qc1 Qf8 20. dxe5 Nxe5 21. Nxe5 Rxe5 22. b3 Rae8 23. f3 R5e7 24. c4 c6 25. Rb1
Nd7 {Praznik,A (2322)-Gombac,J (2288) Bled 2005 1/2-1/2 (90)}) 11... Nb6 12. d4
exd4 $146 (12... Nbd7 13. Nbd2 Re8 (13... c5 14. d5 Nb6 15. Nf1 Bd7 16. Ng3 a5
17. Nh2 b4 18. c4 a4 19. Be3 Qc7 20. Qd3 Ra7 21. Nf5 Bxf5 22. exf5 Rfa8 23.
Rab1 axb3 24. axb3 e4 25. Qd1 Bf8 26. Bg5 Nbd7 27. Ng4 Nxg4 28. Qxg4 {
Niebergall,G-Emser,H St Ingbert 1987 1/2-1/2 (41)}) (13... Bb7 14. Nf1 Re8 15.
Bb2 Rc8 16. Rc1 c5 17. Bb1 exd4 18. cxd4 cxd4 19. Rxc8 Qxc8 20. Nxd4 g6 21. Qd2
Ne5 22. Ng3 Bf8 23. f4 Ned7 24. Kh2 Bg7 25. Nf3 Nc5 26. Qxd6 Ncxe4 27. Nxe4
Nxe4 28. Bxe4 {Blixa-Cifuentes Goncalves,L Dos Hermanas 2003 1-0 (41)}) 14. Nf1
Bf8 15. Ng3 g6 16. Bg5 Bg7 17. Qd2 c6 18. a4 Nb6 19. axb5 cxb5 20. dxe5 dxe5
21. Rad1 Bb7 22. Be3 Nbd7 23. c4 Bc6 24. cxb5 Bxb5 25. b4 Bf8 26. Bb3 Qe7 27.
Ng5 {Teo Kok Cheng-Chin,A Singapore 1979 1-0 (67)}) (12... Re8 13. Be3 $14 (13.
dxe5 $143 dxe5 14. Qe2 Bd6 $11)) 13. cxd4 $16 Bb7 14. Nbd2 Nfd7 15. Nf1 c5 (
15... Re8 16. Bb2 $16) 16. Bb2 (16. Ne3 $5 Bf6 17. Nf5 cxd4 18. N3xd4 Ne5 $18)
16... Rc8 (16... cxd4 17. Nxd4 (17. Bxd4 $6 Rc8 $14) 17... g6 18. Ne3 $18) 17.
Ng3 (17. Qd2 $142 g6 18. dxc5 Rxc5 19. Rad1 $18) 17... cxd4 $2 (17... Re8 $142
$16) 18. Nf5 $18 Nc5 (18... Bf6 19. N3xd4 Ne5 $18) 19. Bxd4 (19. Nxe7+ $142
Qxe7 20. Nxd4 Qf6 $18) 19... Bf6 20. Bxf6 Qxf6 21. Qxd6 Qxd6 22. Nxd6 Rc7 23.
Nxb7 (23. Rad1 $5 g6 $18) 23... Nxb7 24. Rac1 (24. Bd3 $142 $5 Nc5 25. Bf1 Re8
$18) 24... Rfc8 25. Re2 Nd6 $2 (25... g6 26. Kf1 $18) 26. Ne1 (26. Nd4 $142 $18
) 26... f5 $4 (26... b4 $142 27. Ra1 Nb5 $18) 27. exf5 Nxf5 (27... Nd5 28. Rd2
Nc3 29. Ra1 $18 (29. Rxd6 $6 Ne2+ 30. Kh2 Nxc1 $11)) 28. Rd1 Ne7 (28... Re7 29.
Red2 Rf7 30. Nf3 $18) 29. Be4 Nd7 (29... a5 30. Rd6 Rb8 31. Nf3 $18) 30. Bxh7+
$1 Kxh7 31. Rxe7 Nf6 32. Rxc7 Rxc7 33. Rd6 Ne4 34. Rxa6 (34. Re6 Nc5 35. Re2
Kg6 $18) 34... Nd2 (34... Rc1 35. Kf1 $18) 35. f3 1-0

[Event "Walla Walla Open"]
[Site "?"]
[Date "1970.09.14"]
[Round "5"]
[White "Keiser, V."]
[Black "Bailey, B."]
[Result "0-1"]
[WhiteElo "1846"]
[BlackElo "1789"]
[Annotator "Stockfish 14 (15s)"]
[PlyCount "70"]
[EventDate "1970.??.??"]

{D20: Queen's Gambit Accepted: 3 e3 and 3 e4} 1. d4 d5 2. c4 dxc4 3. Nc3 c5 4.
d5 e6 5. e4 exd5 6. Nxd5 (6. Qxd5 Qxd5 7. Nxd5 Bd6 8. Nf3 Nf6 9. Nxf6+ gxf6 10.
Bxc4 Rg8 11. Be3 Rxg2 12. O-O-O Bf8 13. Rhg1 Rxg1 14. Rxg1 Be6 15. Bxe6 fxe6
16. e5 Nd7 17. exf6 h6 18. Rg8 Kf7 19. Rh8 Kg6 20. Nh4+ Kh5 {
Krizsany,L (2395)-Afek,Y (2395) Budapest 1994 1-0}) (6. exd5 Bd6 7. Bxc4 Nf6 8.
Bg5 O-O 9. Nge2 Re8 10. Qc2 Nbd7 11. Bd3 h6 12. Bh4 Qc7 13. O-O-O a6 14. Ne4
Nxd5 15. Nxd6 Qxd6 16. Bg3 Qc6 17. Rhe1 N7f6 18. Nf4 Rxe1 19. Rxe1 Nxf4 20.
Bxf4 Be6 {Neumann,M (1687)-Krzesinski,P (1684) Gernsheim 2005 0-1 (33)}) 6...
a6 $146 (6... Bd6 7. Bxc4 Ne7 8. Bg5 Nbc6 9. Qh5 Be6 10. Nxe7 Bxe7 11. Bxe6 g6
12. Bxf7+ Kxf7 13. Qf3+ Kg7 14. Qc3+ Nd4 15. Bxe7 Qxe7 16. f3 b5 17. b4 Rhd8
18. bxc5 Qg5 19. Rd1 b4 20. Qb2 Qe5 21. Rd2 {
Kuerten,H-Kleibaumhueter,K (2185) Ruhrgebiet 1997 1/2-1/2 (60)}) (6... Nf6 7.
Bg5 Be7 8. Nxe7 Qxe7 9. f3 O-O 10. Bxc4 Nc6 11. Ne2 Qe5 12. Qc1 Na5 13. Bf4 Qe7
14. Bd3 Rd8 15. Bc2 b6 16. O-O Ba6 17. Re1 Nc6 18. Qe3 Nd4 19. Bd3 Nxf3+ 20.
gxf3 Rxd3 21. Qf2 {Domina,A-Adam,Z Zalakaros 1996 0-1 (41)}) (6... Ne7 7. Bxc4
Nxd5 8. Bxd5 $14) 7. a4 (7. Bxc4 $142 $5 Nc6 8. Nf3 $16) 7... Nc6 8. Bxc4 Nge7
9. Bg5 Be6 $4 (9... h6 $142 10. Bf4 Nxd5 11. exd5 Nd4 $14) 10. Nxe7 (10. Nf3
$142 h6 11. Bh4 Qa5+ 12. Nd2 $18) 10... Bxe7 $15 11. Qxd8+ (11. Bxe6 $5 Bxg5
12. Bd5 $17) 11... Rxd8 $17 (11... Bxd8 $6 12. Bxe6 Bxg5 13. Nf3 fxe6 14. Nxg5
$11) 12. Bxe7 (12. Bxe6 $142 $5 Bxg5 13. Bc4 $17) 12... Kxe7 $19 (12... Nxe7 $6
13. Bxe6 fxe6 14. Nf3 $11) 13. Bxe6 Kxe6 (13... fxe6 $6 14. Nf3 c4 15. Rc1 $17)
14. Ne2 $2 (14. Nf3 $142 Rd3 15. Rc1 $19) 14... Nb4 15. O-O (15. Rb1 Nc2+ 16.
Kf1 Rd2 $19) 15... Rd2 16. Ng3 b6 (16... c4 $5 17. Nf5 Rxb2 18. Rab1 $19) 17.
b3 Rhd8 18. f3 (18. Rab1 Ra2 19. h4 $19) 18... R8d3 19. Rab1 g6 (19... Nc2 20.
a5 b5 21. Rfc1 $19) 20. f4 Nc2 21. Rf2 Nd4 22. b4 (22. f5+ Ke5 23. fxg6 fxg6
24. Rf8 Rd1+ 25. Rxd1 Rxd1+ 26. Kf2 Rd2+ 27. Ke3 $19) 22... c4 23. Rxd2 Rxd2
24. Nf1 Re2 (24... Ne2+ $142 25. Kf2 Ra2 26. Kf3 Nd4+ 27. Ke3 Nc2+ 28. Kf3 Rxa4
29. Rc1 Ra3+ 30. Kf2 $19) 25. a5 (25. Ng3 Rd2 26. Rc1 b5 $19) 25... b5 26. e5 (
26. Ng3 Rd2 27. e5 Kd5 $19) 26... c3 27. Rc1 c2 28. Ng3 Rd2 29. Rxc2 Rxc2 30.
Ne4 Ne2+ 31. Kf1 Nxf4 32. Nc5+ Kxe5 33. Nxa6 Ne6 (33... Ke4 34. h4 Ke3 35. Kg1
Rxg2+ 36. Kh1 Kf3 37. Nc5 Rg4 38. Ne4 Rxh4+ 39. Kg1 Ne2+ 40. Kf1 Rh1#) 34. Nb8
Kd6 35. Na6 Rc8 (35... Rc8 36. Ke2 Ra8 $19) 0-1

[Event "Seattle Open"]
[Site "?"]
[Date "1970.10.10"]
[Round "1"]
[White "Carter, B."]
[Black "Bailey, B."]
[Result "0-1"]
[WhiteElo "1630"]
[BlackElo "1950"]
[Annotator "Stockfish 14 (15s)"]
[PlyCount "86"]
[EventDate "1970.??.??"]

{E33: Nimzo-Indian: Classical: 4...Nc6} 1. c4 e6 2. Nc3 d5 3. d4 Bb4 4. Nf3 Nc6
5. e3 Nf6 6. Qc2 O-O 7. Bd3 Qe7 (7... Bxc3+ 8. bxc3 b6 9. cxd5 exd5 10. Ba3 Re8
11. O-O Bb7 12. Ng5 g6 13. Nh3 Na5 14. Rae1 Rc8 15. f3 c5 16. dxc5 bxc5 17. Qf2
Nd7 18. f4 f6 19. Qg3 Kh8 20. Nf2 Nc4 21. Bxc4 dxc4 22. e4 {
Barlov,D (2555)-Zorman,V (2245) Graz 1987 0-1 (55)}) (7... h6 8. O-O dxc4 9.
Bxc4 a6 10. a3 Bxc3 11. bxc3 Qd6 12. a4 b6 13. Ba3 Qd8 14. Bxf8 Qxf8 15. Bd3
Bb7 16. e4 Ne7 17. Qe2 Ng6 18. g3 a5 19. c4 c5 20. Rfb1 Qd6 21. d5 e5 22. Qb2 {
Kopp,L (1610)-Reznicek,M (2079) Klatovy 2005 0-1 (47)}) 8. O-O Bxc3 $146 (8...
h6 9. a3 dxc4 10. Bxc4 Bd6 11. b4 e5 12. Nd5 Nxd5 13. Bxd5 exd4 14. Bxc6 bxc6
15. Nxd4 c5 16. bxc5 Bxc5 17. Bb2 Bb7 18. Nf5 Qe4 19. Qxe4 Bxe4 20. Nxg7 Rab8
21. Be5 Bg6 22. g4 Rb5 23. Nf5 {
Rau,J (2157)-Rothermel,T Wuerttemberg 1999 1/2-1/2}) (8... dxc4 9. Bxc4 e5 10.
Nd5 Nxd5 11. Bxd5 exd4 12. exd4 Bd7 13. a3 Ba5 14. Be4 f5 15. Bd3 Qd6 16. b4
Bb6 17. Bb2 Kh8 18. Rad1 Rad8 19. Rfe1 Ne7 20. Ne5 Be6 21. Nc4 Bxc4 22. Bxc4
Ng6 23. Re6 {Kamishov,M-Ragozin,V Leningrad 1938 1-0 (31)}) (8... dxc4 $5 9.
Bxc4 e5 $16) 9. bxc3 e5 $2 (9... b6 10. Nd2 h6 11. cxd5 exd5 12. Re1 $16) 10.
dxe5 (10. cxd5 $142 e4 11. dxc6 exf3 12. gxf3 bxc6 13. Kh1 $18) 10... Nxe5 $16
11. Nxe5 Qxe5 12. f4 Qe7 (12... Qd6 13. cxd5 Qxd5 14. Bb2 $16) 13. cxd5 $18
Nxd5 14. Rf3 (14. e4 Qc5+ 15. Kh1 Ne3 16. Bxe3 Qxe3 $18) 14... Nf6 (14... f5
15. Bb2 $16) 15. a4 (15. e4 $142 $5 Nh5 16. Be3 $18) 15... b6 16. Bb2 $4 (16.
e4 $142 Bb7 17. Ba3 $14) 16... Bb7 $17 17. Rh3 $2 (17. Rg3 Ne4 18. Rf3 Nf6 $17)
17... Ne4 (17... Be4 $142 18. Bxe4 Nxe4 $19 (18... Qxe4 $6 19. Qe2 $17)) 18. c4
$17 c5 (18... Rad8 $142 $5 19. c5 bxc5 $17) 19. Be5 $11 f5 20. Bxe4 Bxe4 21.
Qb2 Rf7 22. Rd1 (22. Rg3 $142 $5 $11) 22... Rd8 $17 23. Rxd8+ $4 (23. Re1 $142
$17) 23... Qxd8 $19 24. Bc3 (24. Rg3 Qd1+ 25. Kf2 g6 $19) 24... Qd1+ 25. Kf2
Qxa4 26. Rg3 Qc2+ 27. Qxc2 Bxc2 28. Ke2 (28. Rg5 Rd7 $19) 28... Rd7 29. h4 (29.
e4 fxe4 30. f5 a5 $19) 29... Bd3+ 30. Ke1 Bxc4 31. h5 (31. e4 fxe4 32. f5 Kf8
$19) 31... a5 (31... Bd3 32. Rg5 a5 33. Be5 $19) 32. Rg5 (32. e4 fxe4 33. f5
Kf8 $19) 32... Bd3 33. g4 fxg4 34. h6 (34. Rxg4 h6 $19) 34... g6 35. Re5 (35.
Rxg4 Kf7 $19) 35... Kf7 36. Kf2 (36. Rg5 a4 37. Rxg4 Bf5 $19) 36... a4 37. e4
a3 38. f5 Rd6 (38... Bc4 39. f6 Be6 40. Ke2 $19) 39. fxg6+ Kxg6 40. Kg3 (40.
Re7 Bc4 41. Rg7+ Kxh6 42. Rxg4 $19) 40... Be2 41. Kh4 (41. Kg2 Rd3 42. Re6+ Kh5
$19) 41... Kf7 (41... Rd3 42. Rg5+ Kf7 43. Rf5+ Ke6 44. Rf6+ Ke7 45. Rf2 Rxc3
46. Rxe2 $19) 42. Rf5+ (42. Ba1 Rxh6+ 43. Kg3 Rh1 44. Rf5+ Ke7 45. Bf6+ Kd7 46.
Rd5+ Kc6 $19) 42... Ke7 43. Rg5 (43. Bh8 $19) 43... Rxh6+ (43... Rxh6+ 44. Kg3
Rh3+ 45. Kf2 Rxc3 46. Re5+ Kf6 47. Rf5+ Ke6 48. Rh5 Rh3 49. Kxe2 a2 50. Rxh3
gxh3 51. Kf2 a1=Q 52. Kg3 Qg1+ 53. Kf4 Qf2+ 54. Kg5 h2 55. e5 Qg3+ 56. Kh6
h1=Q#) 0-1

[Event "Seattle Open"]
[Site "?"]
[Date "1970.10.10"]
[Round "2"]
[White "Bailey, B."]
[Black "Pullen, K."]
[Result "1-0"]
[WhiteElo "1950"]
[BlackElo "2184"]
[Annotator "Stockfish 14 (15s)"]
[PlyCount "91"]
[EventDate "1970.??.??"]

{B34: Sicilian: Accelerated Dragon with 5 Nc3: sidelines} 1. e4 c5 2. Nf3 Nc6
3. d4 cxd4 4. Nxd4 g6 5. Nxc6 bxc6 6. Qd4 Nf6 7. e5 Ng8 8. e6 Nf6 9. exf7+ Kxf7
10. Nd2 (10. Bd3 Ba6 11. O-O Qb6 12. Qh4 Bxd3 13. cxd3 Qb5 14. d4 Qh5 15. Qg3
Qg4 16. Qb3+ e6 17. Be3 Bd6 18. Nd2 Rhb8 19. Qd1 Qxd1 20. Rfxd1 Rb5 21. b3 a5
22. h3 a4 23. g4 Bc7 24. Rdb1 Nd5 {Rusli-Holaszek,H (2400) Siegen 1970 0-1 (52)
}) 10... Qa5 $146 (10... Bg7 11. Nf3 Rf8 12. Bc4+ d5 13. Bb3 Kg8 14. O-O Ng4
15. Qd1 Qd6 16. g3 Ba6 17. Re1 e5 18. h3 e4 19. Rxe4 Nf6 20. Re1 Kh8 21. Bf4
Qd7 22. Kg2 c5 23. Ne5 Qb7 24. Rb1 Nh5 25. Bxd5 {
Kovacs,A (2205)-Szava,M Sarospatak 1994 1-0 (39)}) (10... e5 11. Qa4 $15) 11.
c3 (11. Bd3 $5 e5 12. Qc4+ Qd5 13. O-O Qxc4 14. Nxc4 $11) 11... e5 $15 12. Bc4+
$4 (12. Qh4 $142 d5 13. Be2 $15) 12... d5 $19 13. Qxe5 Bg7 $4 (13... Bc5 $142
14. Nb3 Qb6 15. Nxc5 Re8 16. Qxe8+ Kxe8 $19) 14. Nb3 (14. O-O $5 Nh5 15. Qd6
dxc4 16. Qxc6 $11) 14... Qd8 $15 15. Be2 Re8 16. Qg5 (16. Qf4 $5 Bg4 17. Be3
$17) 16... Ba6 17. Be3 Bxe2 18. Kxe2 Qb6 19. Kd1 $2 (19. g3 $142 c5 20. Kf1 $17
) 19... Qb5 $19 20. Kc2 Ne4 21. Qf4+ Kg8 22. Rhe1 Rf8 $4 (22... c5 23. a4 Qc6
24. f3 $19) 23. Qh4 $4 (23. Qg4 Nxf2 24. Qe2 Qxe2+ 25. Rxe2 $16) 23... g5 (
23... c5 $142 24. a4 Qc4 $19) 24. Qh5 $4 (24. Qg4 Nxf2 25. Qe2 Qxe2+ 26. Rxe2
Ne4 $18) 24... Nxf2 $4 (24... c5 $142 25. Qe2 c4 $15) 25. Qe2 $16 Qxe2+ 26.
Rxe2 Ne4 27. Nd4 (27. Rae1 $142 $5 $16) 27... Rf6 28. Nf3 h6 29. Bd4 Re6 30.
Bxg7 Kxg7 31. Rae1 Rae8 32. Nd2 g4 33. Nxe4 (33. a4 Kf6 $11) 33... dxe4 $11 34.
Kd2 Kg6 35. Ke3 Kg5 (35... Rd6 $142 $11) 36. Rd1 $16 R8e7 (36... Rf8 $142 $5
37. Red2 h5 $16) 37. Rf2 $18 Re5 (37... h5 38. Rd8 $18) 38. c4 a5 39. b3 R7e6 (
39... h5 40. g3 R5e6 41. Rf8 $18) 40. Rf4 c5 (40... h5 $18) 41. Rd7 a4 (41...
h5 42. Rf8 a4 43. Rg8+ Kf6 $18) 42. Rg7+ Kh5 43. Rfxg4 Rd6 (43... Rg5 44.
R4xg5+ hxg5 $18) 44. g3 Rd3+ (44... Rg6 45. R7xg6 Rg5 46. R4xg5+ hxg5 47. Rd6
Kg4 48. Kxe4 a3 49. Ra6 Kh5 50. Kf5 g4 51. Rxa3 Kh6 52. Ra7 Kh5 53. Rh7#) 45.
Ke2 Rd4 (45... Rd2+ 46. Kxd2 e3+ 47. Kc3 Re4 48. Rxe4 e2 49. Rh4#) 46. Rh4# 1-0

[Event "Seattle Open"]
[Site "?"]
[Date "1970.10.10"]
[Round "3"]
[White "Pupols, V."]
[Black "Bailey, B."]
[Result "1-0"]
[WhiteElo "2209"]
[BlackElo "1950"]
[Annotator "Stockfish 14 (15s)"]
[PlyCount "119"]
[EventDate "1970.??.??"]

{D24: Queen's Gambit Accepted: 3 Nf3 Nf6 4 Nc3} 1. d4 d5 2. c4 dxc4 3. Nf3 Nf6
4. Nc3 e6 5. e4 c5 6. d5 exd5 7. e5 Ne4 8. Nxe4 dxe4 9. Qxd8+ Kxd8 10. Ng5 Be6
11. Nxe6+ fxe6 12. Bxc4 Nc6 13. Bf4 Nd4 14. O-O-O Kc7 15. Rhe1 b5 16. Bf1 Be7
17. Rxe4 a6 18. Be3 Nf5 19. Bd2 Kb6 20. g4 $146 (20. g3 Rad8 21. Bg2 g5 22. Bc3
h5 23. Rxd8 Rxd8 24. Re1 b4 25. Bd2 c4 26. Be4 Kc5 27. Rd1 a5 28. f3 Kb5 29.
Be1 g4 30. Rxd8 Bxd8 31. Bf2 Bc7 32. f4 Ne7 33. Kd2 Bb6 34. Bxb6 Kxb6 {
Orr,M (2332)-Lima,D (2533) Bled 2002 0-1 (50)}) 20... Nd4 (20... Nh4 21. Be3
Rhd8 22. Rxd8 Rxd8 23. Rf4 $11) 21. Be3 Nc6 22. g5 Rad8 23. Bh3 Rxd1+ 24. Kxd1
Nd8 (24... Re8 25. Bg4 $14) 25. Rh4 (25. Ke2 Kc7 $16) 25... g6 (25... h6 26. f4
Re8 27. Rh5 hxg5 28. fxg5 $16) 26. a4 (26. b4 a5 27. a3 Nc6 $16) 26... Kc7 27.
Bf1 (27. b3 $142 $16) 27... Kc6 $2 (27... c4 28. Bg2 Nf7 29. f4 bxa4 30. Bd2
$14) 28. Kc2 $4 (28. Bd3 $142 Nf7 29. axb5+ axb5 30. f4 $18) 28... Nf7 $11 29.
f4 h6 30. Bd3 hxg5 31. Rxh8 Nxh8 32. fxg5 (32. Be4+ Kd7 $14) 32... Kd5 $11 33.
axb5 axb5 34. Bxb5 Kxe5 $2 (34... Nf7 $142 $11) 35. Be8 Kf5 36. Kd3 Bxg5 37.
Bxc5 Bf4 38. h3 Kf6 39. Bd4+ (39. b4 Nf7 40. b5 Bh2 $16) 39... Ke7 $14 40. Bxh8
(40. Ba4 $5 Nf7 41. b4 $14) 40... Kxe8 $11 41. Ke4 Bd6 42. Be5 Bc5 43. Bc3 Bd6
44. b4 Kd7 45. b5 Kc8 46. Be5 Be7 47. Bd4 Bd6 48. Kf3 Kb7 49. Kg4 e5 50. Be3
Be7 51. Bf2 Kc7 52. Kf3 Kd7 53. Ke4 Kd6 54. Ba7 Bd8 55. Be3 Bc7 $4 (55... Bf6
56. Bb6 $11) 56. Ba7 (56. b6 Bb8 57. Kf3 $18) 56... Bd8 $11 57. Bf2 Bc7 $4 (
57... Bg5 $142 $11) 58. b6 $18 Bd8 (58... Bb8 59. Kf3 Ke7 $18) 59. b7 Kc7 (
59... Bc7 60. Ba7 Ke6 61. b8=Q Bxb8 62. Bxb8 Kd7 63. h4 Kc6 64. Kxe5 Kd7 65.
Kf6 Kc8 66. Kxg6 Kxb8 67. h5 Ka7 68. h6 Kb6 69. h7 Ka5 70. h8=Q Kb4 71. Qc8 Kb3
72. Kf6 Kb4 73. Ke5 Kb3 74. Kd4 Kb2 75. Qf5 Ka1 76. Kc3 Ka2 77. Kc2 Ka1 78.
Qa5#) 60. Bb6+ $3 (60. Bb6+ Kb8 61. Bxd8 Kxb7 62. Kxe5 Kc8 63. Ba5 g5 64. Bd2
Kd7 65. Bxg5 Ke8 66. h4 Kf7 67. h5 Kf8 68. h6 Kg8 69. Kf6 Kh7 70. Kf7 Kh8 71.
Kg6 Kg8 72. h7+ Kf8 73. h8=Q#) 1-0

[Event "Seattle Open"]
[Site "?"]
[Date "1970.10.11"]
[Round "4"]
[White "Bailey, B."]
[Black "Kauppila, T."]
[Result "1-0"]
[WhiteElo "1950"]
[BlackElo "1982"]
[Annotator "Stockfish 14 (15s)"]
[PlyCount "105"]
[EventDate "1970.??.??"]

{B45: Sicilian Four Knights} 1. e4 c5 2. Nf3 Nc6 3. d4 cxd4 4. Nxd4 e6 5. a3
Nf6 6. Nc3 d5 7. Bb5 Bd7 8. exd5 Nxd5 9. Nxd5 exd5 10. O-O Be7 11. Be3 (11. Re1
O-O 12. c3 Bf6 13. Nxc6 bxc6 14. Bd3 Be6 15. Be3 Qd6 16. Qc2 g6 17. Rad1 a5 18.
f4 Bg4 19. Be2 Bxe2 20. Qxe2 Rfe8 21. Qf2 Re4 22. g3 Rae8 23. Bd2 d4 24. Rxe4
Rxe4 25. Re1 Qe6 {Borchardt,A (2020)-Jozwicki,J (2179) Bydgoszcz 2004 0-1 (55)}
) 11... O-O $146 (11... Bf6 12. c4 dxc4 13. Nxc6 bxc6 14. Bxc4 O-O 15. Qc2 Qc8
16. Rad1 Bf5 17. Qc1 Be4 18. f3 {
1/2-1/2 (18) Golubev,M (2528)-Krasenkow,M (2651) Germany 2002}) 12. Nxc6 (12.
Bd3 Bc8 $14) 12... bxc6 $11 13. Bd3 Bf6 14. c3 Qc8 15. Qc2 g6 16. Bc5 Re8 17.
f4 Bf5 18. Bxf5 Qxf5 19. Qxf5 gxf5 20. Rae1 Re4 21. Re3 Rxe3 (21... h6 22. Rd3
$11) 22. Bxe3 $11 Rb8 23. Rf2 a6 24. Re2 Re8 25. Kf2 Re4 26. Kf3 Kg7 27. g4 (
27. Bc5 h5 $11) 27... fxg4+ $15 28. Kxg4 d4 (28... Kg6 $5 $15) 29. cxd4 $11
Bxd4 30. Bxd4+ Rxd4 31. Rc2 Rd6 32. b4 Rd3 33. a4 Rd4 34. Rxc6 Rxb4 35. Rxa6
Rc4 36. Ra5 Rc6 $4 (36... Rc1 37. h4 Rg1+ 38. Kf3 Rf1+ 39. Ke4 Re1+ 40. Kd4 Rf1
$11) 37. h4 (37. Rg5+ Kf6 38. h4 Rb6 $18) 37... h6 (37... Rc1 38. Rg5+ Kh6 39.
a5 $18) 38. h5 Rc1 39. Kf5 (39. Rb5 $142 $18) 39... Rh1 40. Ke4 Re1+ 41. Kd5
Rf1 $4 (41... Ra1 $5 $11) 42. Ke5 (42. Rc5 Rxf4 43. a5 $18) 42... Rd1 $4 (42...
Re1+ 43. Kf5 Rh1 $11) 43. Rd5 $18 Re1+ 44. Kd6 Kf6 45. a5 Re4 46. Kc7 (46. Kc6
$142 $18) 46... Rxf4 47. a6 Ra4 48. Kb6 Ke6 49. Ra5 Rb4+ 50. Rb5 Ra4 51. a7 f5
(51... Rxa7 52. Kxa7 Kf6 53. Kb7 Kg7 54. Kc6 Kh7 55. Kd6 Kg7 56. Ke7 f6 57. Rb7
f5 58. Ke6+ Kf8 59. Kxf5 Kg8 60. Kg6 Kf8 61. Kxh6 Ke8 62. Kg5 Kf8 63. h6 Kg8
64. h7+ Kh8 65. Rb8+ Kxh7 66. Kf6 Kh6 67. Rh8#) 52. Ra5 Rb4+ (52... Rxa5 53.
Kxa5 f4 54. a8=Q Kf5 55. Qc6 Kg5 56. Qg6+ Kh4 57. Qxh6 f3 58. Qh7 f2 59. Qf7
f1=Q 60. Qxf1 Kxh5 61. Qg2 Kh4 62. Kb4 Kh5 63. Kc3 Kh4 64. Kd4 Kh5 65. Ke5 Kh4
66. Kf4 Kh5 67. Qg5#) 53. Ka6 (53. Ka6 Kf6 54. a8=Q Kg5 55. Qf3 Rf4 56. Qe3 Kg4
57. Ra2 Kxh5 58. Qxf4 Kg6 59. Qxf5+ Kxf5 60. Rh2 Kg5 61. Kb5 h5 62. Kc4 h4 63.
Kd4 Kg4 64. Rh1 h3 65. Ke3 Kg3 66. Rg1+ Kh2 67. Rg4 Kh1 68. Kf3 Kh2 69. Rg3 Kh1
70. Rxh3+ Kg1 71. Rh4 Kf1 72. Rh1#) 1-0

[Event "Seattle Open"]
[Site "?"]
[Date "1970.10.11"]
[Round "5"]
[White "Bailey, B."]
[Black "Zuk, R."]
[Result "0-1"]
[WhiteElo "1950"]
[BlackElo "2395"]
[Annotator "Stockfish 14 (15s)"]
[PlyCount "53"]
[EventDate "1970.??.??"]

{B96: Sicilian Najdorf: 6 Bg5 e6 7 f4, lines other than 7...Qb6 and 7...Be7} 1.
e4 c5 2. Nf3 d6 3. d4 cxd4 4. Nxd4 Nf6 5. Nc3 a6 6. Bg5 Nbd7 7. f4 e6 8. Be2
Be7 9. O-O (9. Qd2 Qc7 10. Bf3 (10. O-O b5 11. Bf3 Bb7 12. Rae1 O-O 13. e5 Bxf3
14. Nxf3 dxe5 15. fxe5 Bc5+ 16. Be3 Ng4 17. Bd4 Ngxe5 18. Qe3 Nxf3+ 19. Rxf3
Bxd4 20. Qxd4 Qc5 21. Rd1 Rad8 22. Rfd3 Rc8 23. Ne4 Qxd4+ 24. Rxd4 Ne5 {
Ziegler,R (1876)-Bayer,W (1610) Germany 2005 1/2-1/2}) 10... h6 11. Bxf6 Bxf6
12. h4 Nb6 13. O-O-O Bd7 14. g4 Nc4 15. Qd3 Rc8 16. b3 Ne3 17. Qxe3 Qxc3 18.
Qxc3 Rxc3 19. Rh3 h5 20. f5 hxg4 21. Bxg4 Rxh3 22. Bxh3 Rxh4 23. fxe6 Rxh3 {
Ljubojevic,L (2590)-Gelfand,B (2700) Linares 1991 0-1 (58)}) 9... Qb6 10. Na4
$146 (10. Kh1 Qxb2 11. Na4 (11. Qd2 Qb6 12. Bf3 O-O 13. Rab1 Qc7 14. f5 Ne5 15.
Nce2 Nc4 16. Qe1 e5 17. Nb3 b5 18. Nc3 Bb7 19. Bxf6 Bxf6 20. Nd5 Bxd5 21. exd5
Na3 22. Rc1 Bg5 23. f6 Bxf6 24. Qg3 Qc3 25. Qg4 g6 {
Niedermaier,H-Dietze,F Germany 1985 0-1 (49)}) 11... Qa3 12. c3 Nxe4 13. Bxe7
Kxe7 14. Qc2 Nec5 15. Nb2 Qa5 16. f5 e5 17. Nc4 Qc7 18. Ne3 Nf6 19. Rac1 Bd7
20. Bf3 Bc6 21. Bd1 Rac8 22. Re1 Be4 23. Qd2 Rhd8 24. Ng4 h6 {
Azizbekian,E-Pudovkin,D (2312) Krasnodar 2001 0-1 (37)}) 10... Qa7 11. Kh1 Nxe4
12. Bxe7 Kxe7 13. Bf3 Ndf6 14. Qd3 Nc5 15. Nxc5 Qxc5 (15... dxc5 16. Nb3 Bd7
17. g4 $15) 16. Rae1 (16. Rad1 $142 $14) 16... Rd8 $4 (16... Kf8 $142 $11) 17.
f5 $4 (17. g4 $142 Kf8 18. Nb3 $18) 17... e5 $19 18. g4 h6 19. Qd2 Qb6 (19...
Bd7 20. h4 Rac8 21. c3 $19) 20. Nb3 $2 (20. h4 $142 $5 $17) 20... Bd7 21. g5 $4
(21. Na5 Bc6 22. Nxc6+ bxc6 23. b3 $19) 21... hxg5 22. Qxg5 Bc6 (22... Rac8 23.
c3 Rh8 24. Qg1 $19) 23. Nd2 (23. c4 Rac8 24. c5 dxc5 25. Rxe5+ Kf8 26. Bxc6
Qxc6+ (26... bxc6 $143 27. Rg1 Ng4 28. Qxg4 g6 29. Qh4 Kg7 30. f6+ Kg8 31. Qh6
c4 32. Qg7#) (26... Rxc6 $6 27. Rg1 Ne8 28. Qe7+ Kg8 29. Qg5 $11) 27. Qg2 Qxg2+
28. Kxg2 c4 $19) 23... Rh8 24. Ne4 (24. Qg2 Rh4 25. Bxc6 bxc6 $19) 24... Bxe4 (
24... Rh3 $142 $5 25. Nd2 $19) 25. Bxe4 (25. Rxe4 Rac8 26. c4 Qxb2 $19) 25...
Rh5 26. Qg2 (26. Qg1 Qxg1+ 27. Rxg1 Rah8 $19) 26... Rah8 27. Re2 0-1

[Event "Seattle Open"]
[Site "?"]
[Date "1970.10.11"]
[Round "6"]
[White "Pomfret, R."]
[Black "Bailey, B."]
[Result "1-0"]
[WhiteElo "2234"]
[BlackElo "1950"]
[Annotator "Stockfish 14 (15s)"]
[PlyCount "49"]
[EventDate "1970.??.??"]

{A00: Irregular Openings} 1. g3 d5 2. Bg2 e5 3. d3 c6 4. Nf3 Bd6 5. O-O Nf6 6.
Nbd2 (6. c4 dxc4 7. dxc4 O-O 8. Nc3 h6 9. Qc2 {
1/2-1/2 (9) Hodgson,J (2580)-Adams,M (2640) New York 1994}) 6... Nbd7 $146 (
6... O-O 7. c4 h6 (7... Re8 8. Qc2 Na6 9. a3 Bd7 10. b4 Rc8 11. c5 Bb8 12. Bb2
h6 13. e4 Nh7 14. Nh4 Be6 15. Nf5 Bxf5 16. exf5 Qg5 17. Rae1 Qxf5 18. Nf3 Ng5
19. Qd1 Rcd8 20. Re3 d4 21. Ree1 Nc7 22. Nh4 {
Loerincz,P-Hauck,B Deidesheim 2000 0-1}) 8. a3 Be6 9. b4 Nbd7 10. Bb2 Re8 11.
Rc1 a5 12. Qb3 Qe7 13. c5 Bc7 14. e4 dxe4 15. Qc2 exf3 16. Nxf3 axb4 17. axb4
Nd5 18. Qd2 Ra2 19. Rfe1 Rea8 20. Rc2 Bg4 21. Nd4 {
Turner,S-Radulski,J (2475) Dos Hermanas 2004 0-1 (38)}) (6... h6 7. e4 Be6 8.
c3 O-O 9. Qc2 Nbd7 10. d4 Rc8 11. dxe5 Nxe5 12. Nxe5 Bxe5 13. Nf3 Bb8 14. Nd4
c5 15. Nxe6 fxe6 16. Bh3 Rc6 17. exd5 exd5 18. Qg6 Qe8 19. Qd3 Qh5 20. Bg2 c4
21. Qd4 {Behling,H (2002)-Krischer,U (1774) Hamburg 2003 1-0 (32)}) (6... O-O
7. e4 $11) 7. e4 dxe4 (7... O-O 8. exd5 cxd5 9. c4 $11) 8. dxe4 Nc5 $4 (8...
O-O 9. Nc4 Bc7 10. Re1 $11) 9. Re1 $4 (9. Nc4 $142 Be7 10. Qxd8+ Bxd8 11. Nd6+
Ke7 12. Nxc8+ Rxc8 13. Nxe5 $18) 9... Be6 $11 10. Ng5 Qe7 11. Nxe6 Qxe6 (11...
Nxe6 12. Nc4 Bc7 13. c3 $11) 12. Qe2 (12. a4 O-O $16) 12... O-O (12... b5 13.
Nb3 $14) 13. f4 (13. a4 Rfd8 $16) 13... Ncd7 (13... Qe7 $5 $11) 14. f5 $16 Qe7
15. Nf1 (15. g4 $5 h6 16. Kh1 $16) 15... Bc5+ 16. Kh1 h6 17. g4 Nh7 18. Ng3 (
18. h3 a5 $11) 18... Ndf6 (18... Qh4 $142 $5 19. Nh5 Rad8 $17) 19. h3 Rfd8 20.
Kh2 (20. Nf1 Ne8 21. Nh2 Nd6 $11) 20... Rd7 (20... Ne8 21. Rf1 $15) 21. h4 $11
{White plans g5} Kf8 $4 (21... Ne8 $142 22. Kh3 a5 $11) 22. g5 $18 Ne8 23. Qh5
(23. f6 $142 Qd8 24. Nf5 hxg5 25. hxg5 $18) 23... hxg5 $4 (23... Bf2 24. Rf1
Bxg3+ 25. Kxg3 Kg8 $18) 24. Qxh7 gxh4 (24... f6 25. Qh8+ Kf7 26. hxg5 fxg5 $18)
25. Qh8# 1-0